Expositio Litteralis et Moralis Sanctorum Evangeliorum Jesu Christi secundum Matthaeum, Marcum, Lucam, et Johannem, auctore R. P. F. Natali Alexandro Ordinis Fratrum Praedicatorum, in Sacra Facultate Parifienfi Doctore, & Emerito Theologiae Professore. Opus Sacrarum Litterarum Cultoribus, necnon Verbi Dei Praeconibus utilissimum. Editio Novissima Novo Indice Concionatorio Locupletata, et ab Innumeris Mendis ac malis Citationibus, quae in aliis Editionibus irrepserant, summo labore expurgata. VENETIIS, MDCCLXXVII. Apud Thomam Bettinelli. Superiorum Permissu

में बचाया:
ग्रंथसूची विवरण
मुख्य लेखक: Natalio Alejandro (लेखक)
स्वरूप: पुस्तक
भाषा:लैटिन
प्रकाशित: Venecia Tomas Betinelli 1777
संस्करण:1a. ed
विषय:
टैग: टैग जोड़ें
कोई टैग नहीं, इस रिकॉर्ड को टैग करने वाले पहले व्यक्ति बनें!

MARC

LEADER 00000nam a2200000 a 4500
001 UCJ8540
003 CL-VaPUC
008 070124e17770000IT |||||||||||||||||lat|d
082 0 4 |a 232  |b NAT  |2 21 
100 0 |a Natalio Alejandro  |e author  |9 517340 
245 1 0 |a Expositio Litteralis et Moralis Sanctorum Evangeliorum Jesu Christi secundum Matthaeum, Marcum, Lucam, et Johannem, auctore R. P. F. Natali Alexandro Ordinis Fratrum Praedicatorum, in Sacra Facultate Parifienfi Doctore, & Emerito Theologiae Professore. Opus Sacrarum Litterarum Cultoribus, necnon Verbi Dei Praeconibus utilissimum. Editio Novissima Novo Indice Concionatorio Locupletata, et ab Innumeris Mendis ac malis Citationibus, quae in aliis Editionibus irrepserant, summo labore expurgata. VENETIIS, MDCCLXXVII. Apud Thomam Bettinelli. Superiorum Permissu 
250 |a 1a. ed 
300 |a xii, 596 p 
942 |c BK 
945 |d 20070124 00:00:00  |a rinostro 
260 |a Venecia  |b Tomas Betinelli  |c 1777 
500 |a Folio, pergamino.- h prel.- Port.- v. bl.- xii+596 p.- Apostillado. Formato .40x.28 m 
650 0 |a Sagradas escrituras  |9 349657 
650 0 |a Nuevo testamento  |9 257604 
650 0 |a Exégesis bíblica  |9 412524 
650 7 |a LIBRO RARO  |2 CL-VaPUC  |9 504169 
583 |a last modification  |c 20070124 00:00:00  |k Rodrigo Vera 
999 |c 324212  |d 324210 
952 |0 0  |1 0  |4 0  |6 232_000000000000000_NAT_1777  |7 0  |8 X  |9 404181  |a FDOBUD  |b FDOBUD  |d 2019-11-22  |i 1079379  |o 232 NAT 1777  |p 1079379  |r 2019-11-22  |w 2019-11-22  |y BK_X  |k BUD